| 000 | 00960nam1a22002411 4500 | ||
|---|---|---|---|
| 001 | rc\4385068 | ||
| 005 | 20130416144600.0 | ||
| 035 | _a(NLR Aleph) 008550203 | ||
| 090 |
_a8401563 _c8401563 |
||
| 100 | _a20130416d1965 |||y0rusy50 ca | ||
| 101 | 0 | _arus | |
| 102 | _aRU | ||
| 105 | _ay j ||||| | ||
| 200 | 1 |
_aРусский язык _eЛекции для студентов-иностранцев экон. вузов _e[В 4 вып.] _eВып. 1- _fМ-во высш. и сред. спец. образования УССР. Киевский ин-т нар. хозяйства. Кафедра рус. яз. |
|
| 210 |
_aКиев _cБ. и. _d1965 |
||
| 215 | _d22 | ||
| 606 |
_aРусский язык _jУчебники и пособия для нерусских _2psbo |
||
| 700 | 1 |
_aЖученко _bГ. А. _gГалина Алексеевна |
|
| 801 | 0 |
_aRU _bNLR _gpsbo |
|
| 801 | 1 |
_aRU _bELAR _2rusmarc |
|
| 852 |
_aNLR _j65-5/1413 |
||
| 942 | _cBOOK | ||
| 980 | _aNB | ||